| 000 | 00384nam a22001457a 4500 | ||
|---|---|---|---|
| 999 |
_c2607 _d2607 |
||
| 008 | 200311b ||||| |||| 00| 0 eng d | ||
| 020 | _a9788173193217 | ||
| 100 |
_92197 _aGuha, Evelyn |
||
| 245 | 1 | 0 |
_aBasic thermodynamics _cby Evelyn Guh. |
| 250 | _a5th ed. | ||
| 260 |
_aNew Delhi, _bNarosha Publishing House: _c2009. |
||
| 300 | _axi,276p. | ||
| 650 | 0 | _aThermodynamics | |
| 942 | _cBK | ||